1203 1361 1828 1716 1648 1051 1610 1006 1310 1888 1117 1120 1716 1105 1990 1715 1013 1197 1105 1477 1788 1946 1305 1343 1210 1318 1856 1816 1234 1809 1099 1417 1599 1954 1528 1457 1959 1714 1354 1880 1287 1892 1636 1714 1629 1094 1045 1841 1126 1348 1224 1971 1207 1447 1742 1126 1525 1171 1726 1030 1408 1083 1638 1097 1718 1418 1250 1124 1073 1020 1899 1843 1166 1584 1900 1247 1741 1760 1254 1141 1303 1915 1949 1011 1611 1837 1179 1933 1694 1237 1131 1900 1815 1249 1517 1041 1951 1374 1996 BCNSPRNW ULIB Ver.6.0+V

เปลี่ยนเป็นภาษาไทย

Change to English
 แสดงรายละเอียดบรรณานุกรม
  กลับหน้าหลัก

Brief Record : Get Marc (ISO 2709) : E-mail record : QR code < ปิดหน้าต่าง
LEADER : 00000nam 2200000uu 4500
001    13399109105
003     ULIB
008    110322s2550||||th 000 0 tha d
020    9789744140487
050  4 GN316^bน639ม 2550
100 0  นิยพรรณ (ผลวัฒนะ) วรรณศิริ
245 10 มานุษยวิทยาสังคมและวัฒนธรรม /^cนิยพรรณ (ผลวัฒนะ) วรรณศิริ
250    พิมพ์ครั้งที่ 1
260    กรุงเทพฯ :^bเอ็กซเปอร์เน็ท,^c2550
300    312 หน้า :^bภาพประกอบ ;^c26 ซม.
650  7 มานุษยวิทยา
650  7 สังคมและวัฒนธรรม
945    ^p260^l0^i029890
945    ^p260^l0^i029889
995    ทศพร
999 ^a ใช้งานได้ทุกระบบ
รายการนี้ยังไม่มีแท็ก
คุณยังไม่ได้ล็อกอิน คุณสามารถมีกิจกรรมร่วมกับเว็บไซต์ได้ แต่ต้องล็อกอินก่อน ::
  ล็อกอิน

รายการสื่อสารสนเทศ

ลำดับที่ ประเภท เลขเรียก/บาร์โค้ด สถานที่ สถานะ
- ไม่พบข้อมูล -

รายการใกล้เคียง
    ผู้แต่ง [นิยพรรณ (ผลวัฒนะ) วรรณศิริ]

    หัวเรื่อง [มานุษยวิทยา]
    หัวเรื่อง [สังคมและวัฒนธรรม]

BibComment


ยังไม่เคยถูกคอมเมนท์

คอมเมนท์ทรัพยากรรายการนี้
  คอมเมนท์: มานุษยวิทยาสังคมแ..


 Copyright 2026. Bcnsprnw @Library